Central Library OPAC University of Rajshahi

Poems 1832-1842 / (Record no. 18791)

MARC details
000 -LEADER
fixed length control field 00688nam a22002292 4500
001 - CONTROL NUMBER
control field 18791
003 - CONTROL NUMBER IDENTIFIER
rucl marc code BD-RjUL
005 - DATE AND TIME OF LATEST TRANSACTION
control field 20211209000332.0
008 - FIXED-LENGTH DATA ELEMENTS--GENERAL INFORMATION
fixed length control field 160714s19641950enk 001 0 eng d
035 ## - SYSTEM CONTROL NUMBER
System control number OCLC ocm11406801 from D970115M
-- (BD-RjUL)18849
040 ## - CATALOGING SOURCE
Original cataloging agency ORE
Transcribing agency ORE
Modifying agency UKM
-- BD-RjUL
Language of cataloging eng
041 ## - LANGUAGE CODE
Language code of text/sound track or separate title eng
082 04 - DEWEY DECIMAL CLASSIFICATION NUMBER
Classification number 821
Edition number 18
Author mark and year TEP 1964
090 ## - LOCALLY ASSIGNED LC-TYPE CALL NUMBER (OCLC); LOCAL CALL NUMBER (OCLC)
Classification number (OCLC) (R) ; Classification number, CALL (RLIN) (NR) PR5551
Local cutter number (OCLC) ; Book number/undivided call number, CALL (RLIN) 1832
100 1# - MAIN ENTRY--PERSONAL NAME
Personal name Tennyson, Alfred Tennyson,
Dates associated with a name 1809-1892.
9 (RLIN) 57941
245 10 - TITLE STATEMENT
Title Poems 1832-1842 /
Statement of responsibility, etc. With introd. and notes by J.H. Fowler.
260 ## - PUBLICATION, DISTRIBUTION, ETC. (IMPRINT)
Place of publication, distribution, etc. London :
Name of publisher, distributor, etc. Macmillan and Co.,
Date of publication, distribution, etc. 1954.
300 ## - PHYSICAL DESCRIPTION
Pagination xvii, 259 p. ;
Size 18 cm.
500 ## - GENERAL NOTE
General note Includes index.
650 ## - SUBJECT ADDED ENTRY--TOPICAL TERM
Topical term or geographic name as entry element Poetry
9 (RLIN) 57942
942 ## - ADDED ENTRY ELEMENTS (KOHA)
Source of classification or shelving scheme Dewey Decimal Classification
Koha item type Books
Holdings
Lost status Source of classification or shelving scheme Damaged status Not for loan Collection code Permanent Location Current Location Shelving location Date acquired Source of acquisition Cost, normal purchase price Total Checkouts Full call number Date last seen Copy number Koha item type
  Dewey Decimal Classification     Fiction Central Library, University of Rajshahi Central Library, University of Rajshahi   26/10/1965 Black well 6.00   821 TEP 1964 22/02/2014 C-3 Books
  Dewey Decimal Classification     Non-fiction Central Library, University of Rajshahi Central Library, University of Rajshahi   26/10/1965 Black well 6.00   821 TEP 1964 14/07/2016 C-2 Books